| 000 | 00425nam a22001337a 4500 | ||
|---|---|---|---|
| 020 | _a9789351243564 | ||
| 082 |
_a631.56 _bCHA/MA |
||
| 245 | _aManaging Postharvest Quality and Losses in Horticultural Crops, Volume -2, Fruit Crops | ||
| 260 |
_aNew Delhi _bDaya Publishing House, A Division of Astral International Pvt.Ltd _c2015 |
||
| 300 | _a253 to 579 | ||
| 700 |
_aChadha,K.L _9798 |
||
| 700 |
_aPal,R.K _9799 |
||
| 942 | _cBK | ||
| 999 |
_c14471 _d14471 |
||